[Event "Andorra open 2005"]
[Site "Andorra AND"]
[Date "2005.07.09"]
[Round "1.3"]
[White "Sanchez Botella, Luis Javier"]
[Black "Spraggett, Kevin"]
[Result "0-1"]
[WhiteElo "2139"]
[BlackElo "2592"]
[PlyCount "76"]
[EventDate "2005.07.17"]
[EventType "swiss"]
[EventRounds "9"]
[EventCountry "AND"]
[Source "lmi"]
[SourceDate "2005.07.17"]

1. d4 Nf6 2. c4 e6 3. Nc3 Bb4 4. Qc2 c5 5. dxc5 O-O 6. a3 Bxc5 7. b4 Be7 8. Nf3
a5 9. b5 b6 10. e4 d6 11. Bd3 Nbd7 12. Na4 Bb7 13. O-O Rc8 14. Qe2 Re8 15. Bb2
g6 16. Rfd1 Qc7 17. Rac1 e5 18. Nd2 Nh5 19. g3 Ng7 20. Nf1 Ne6 21. Ne3 Nd4 22.
Bxd4 exd4 23. Nd5 Bxd5 24. cxd5 Qxc1 25. Rxc1 Rxc1+ 26. Kg2 Rec8 27. Kh3 h5 28.
f4 Bf6 29. Qd2 Rg1 30. Be2 Kg7 31. Nb2 Rgc1 32. Nd3 R1c2 33. Qe1 Ra2 34. Bd1
Rc3 35. e5 Rxd3 36. exf6+ Nxf6 37. f5 Rdd2 38. Kh4 Kh6 0-1

[Event "Andorra open 2005"]
[Site "Andorra AND"]
[Date "2005.07.09"]
[Round "1.4"]
[White "Postny, Evgeny"]
[Black "Herges, Udo Dr"]
[Result "1-0"]
[WhiteElo "2559"]
[BlackElo "2138"]
[PlyCount "27"]
[EventDate "2005.07.17"]
[EventType "swiss"]
[EventRounds "9"]
[EventCountry "AND"]
[Source "lmi"]
[SourceDate "2005.07.17"]

1. d4 Nf6 2. c4 e5 3. dxe5 Ne4 4. a3 b6 5. Nd2 Nc5 6. Ngf3 Bb7 7. e3 Nc6 8. b4
Ne6 9. Bb2 a5 10. b5 Ne7 11. Bd3 g5 12. Ne4 Bxe4 13. Bxe4 Rb8 14. h4 1-0

[Event "Andorra open 2005"]
[Site "Andorra AND"]
[Date "2005.07.09"]
[Round "1.5"]
[White "Arance Gonzalez, Luis"]
[Black "Peralta, Fernando"]
[Result "0-1"]
[WhiteElo "2106"]
[BlackElo "2553"]
[PlyCount "78"]
[EventDate "2005.07.17"]
[EventType "swiss"]
[EventRounds "9"]
[EventCountry "AND"]
[Source "lmi"]
[SourceDate "2005.07.17"]

1. e4 d6 2. d4 Nf6 3. Nc3 g6 4. Bg5 Bg7 5. Qd2 h6 6. Bf4 g5 7. Be3 Ng4 8. O-O-O
Nc6 9. Nge2 Nxe3 10. Qxe3 Bd7 11. h4 e6 12. g3 g4 13. h5 e5 14. dxe5 Bxe5 15.
Nf4 Qg5 16. Nfd5 Qxe3+ 17. Nxe3 Bxc3 18. bxc3 Be6 19. Be2 Ne5 20. Rh4 Rg8 21.
Rd4 Rg5 22. Ng2 Ke7 23. Nf4 c5 24. Nd5+ Bxd5 25. Rxd5 f5 26. exf5 Rxf5 27. Bxg4
Rxf2 28. Bd1 Rg2 29. g4 Rf8 30. Rd2 Rg1 31. Rhh2 Rff1 32. Rhe2 Ke6 33. Rf2 Nxg4
34. Rxf1 Rxf1 35. Re2+ Kd7 36. Kd2 Nf2 37. Re1 Rxe1 38. Kxe1 Nxd1 39. Kxd1 Ke6
0-1

[Event "Andorra open 2005"]
[Site "Andorra AND"]
[Date "2005.07.09"]
[Round "1.6"]
[White "De la Riva Aguado, Oscar"]
[Black "Martin Blanco, Fernando"]
[Result "1-0"]
[WhiteElo "2548"]
[BlackElo "2105"]
[PlyCount "73"]
[EventDate "2005.07.17"]
[EventType "swiss"]
[EventRounds "9"]
[EventCountry "AND"]
[Source "lmi"]
[SourceDate "2005.07.17"]

1. e4 e6 2. d4 d5 3. Nc3 Bb4 4. e5 c5 5. Bd2 Ne7 6. dxc5 Bxc5 7. Qg4 Ng6 8. Nf3
Nc6 9. O-O-O Bd7 10. h4 h5 11. Qg3 Nce7 12. Bd3 b5 13. Ng5 Qb6 14. f4 b4 15.
Ne2 Bb5 16. Nxe6 Bxd3 17. Nxg7+ Kf8 18. Qxd3 Kxg7 19. f5 Nxe5 20. Qg3+ Ng4 21.
Rhf1 Kh7 22. f6 Ng6 23. Rf5 Kg8 24. Nf4 Be3 25. Nxd5 Bxd2+ 26. Rxd2 Qe6 27. Rg5
Re8 28. Qd3 Kf8 29. Qd4 N4e5 30. Qxb4+ Kg8 31. Nc7 Qxa2 32. c3 Rc8 33. Qd4 Ng4
34. Qd7 Kh7 35. Rxh5+ Nh6 36. Rdd5 Rhd8 37. Qxf7+ 1-0

[Event "Andorra open 2005"]
[Site "Andorra AND"]
[Date "2005.07.09"]
[Round "1.7"]
[White "Andres Julia, Vicente Ramon"]
[Black "Comas Fabrego, Luis"]
[Result "0-1"]
[WhiteElo "2101"]
[BlackElo "2513"]
[PlyCount "66"]
[EventDate "2005.07.17"]
[EventType "swiss"]
[EventRounds "9"]
[EventCountry "AND"]
[Source "lmi"]
[SourceDate "2005.07.17"]

1. e4 e5 2. Nf3 Nc6 3. d4 exd4 4. Bc4 d6 5. Nxd4 Be7 6. Be3 Nf6 7. f3 Ne5 8.
Be2 d5 9. exd5 Nxd5 10. Bf2 O-O 11. O-O Bg5 12. Nb3 Ne3 13. Qxd8 Rxd8 14. Bxe3
Bxe3+ 15. Kh1 Bf5 16. Na3 a5 17. Rad1 Bb6 18. Rxd8+ Rxd8 19. Rd1 Rxd1+ 20. Bxd1
a4 21. Nd2 Be6 22. b3 Bc5 23. Nac4 Nxc4 24. Nxc4 Kf8 25. g3 Ke7 26. Kg2 b5 27.
Ne5 Kd6 28. Nd3 Bd4 29. f4 c5 30. Bf3 c4 31. bxc4 Bxc4 32. a3 Bxd3 33. cxd3 b4
0-1

[Event "Andorra open 2005"]
[Site "Andorra AND"]
[Date "2005.07.09"]
[Round "1.8"]
[White "Kallio, Heikki"]
[Black "Fernandez Fernandez, Juan Carlos"]
[Result "1-0"]
[WhiteElo "2507"]
[BlackElo "2098"]
[PlyCount "97"]
[EventDate "2005.07.17"]
[EventType "swiss"]
[EventRounds "9"]
[EventCountry "AND"]
[Source "lmi"]
[SourceDate "2005.07.17"]

1. e4 c6 2. Nc3 d5 3. Nf3 Bg4 4. Be2 e6 5. h3 Bh5 6. O-O Nf6 7. e5 Nfd7 8. d4
Be7 9. a3 c5 10. dxc5 Bxc5 11. Bg5 Qc8 12. Qe1 O-O 13. g4 Bg6 14. b4 Bb6 15.
Nb5 Bd8 16. Bf4 Be7 17. Rc1 Nc6 18. Bg3 a6 19. Nbd4 Nxd4 20. Nxd4 Qd8 21. f4
Be4 22. Bd3 Bxd3 23. cxd3 a5 24. Bf2 axb4 25. axb4 Rc8 26. Qd2 Rxc1 27. Rxc1
Qb8 28. Qc3 Rd8 29. Nb5 h6 30. Bd4 f6 31. exf6 Bxf6 32. Bxf6 Nxf6 33. Qe5 Qxe5
34. fxe5 Ne8 35. Kf2 Kf8 36. Ke3 Ke7 37. Kd4 Kd7 38. Rf1 Kc6 39. Nc3 Rd7 40.
Rc1 b6 41. h4 Kb7 42. Nb5 Ka6 43. Rc8 Kxb5 44. Rxe8 Kxb4 45. Rxe6 Kb5 46. g5
hxg5 47. hxg5 Ka6 48. Re8 b5 49. e6 1-0

[Event "Andorra open 2005"]
[Site "Andorra AND"]
[Date "2005.07.09"]
[Round "1.9"]
[White "Santamaria, Vicens"]
[Black "Arizmendi Martinez, Julen"]
[Result "0-1"]
[WhiteElo "2090"]
[BlackElo "2504"]
[PlyCount "58"]
[EventDate "2005.07.17"]
[EventType "swiss"]
[EventRounds "9"]
[EventCountry "AND"]
[Source "lmi"]
[SourceDate "2005.07.17"]

1. e4 c5 2. d3 Nc6 3. g3 d6 4. Bg2 g6 5. f4 e5 6. Nf3 exf4 7. gxf4 Bg7 8. c3
Nf6 9. O-O O-O 10. Na3 Rb8 11. Nc2 b5 12. Qe1 Re8 13. Qh4 Nh5 14. Qf2 b4 15. d4
bxc3 16. bxc3 Ba6 17. Re1 Qa5 18. Qd2 cxd4 19. Nfxd4 Nxd4 20. Nxd4 Nxf4 21.
Qxf4 Qxc3 22. Be3 Bxd4 23. Rad1 Be5 24. Qf2 Rb2 25. Rd2 Reb8 26. Red1 Rxd2 27.
Qxd2 Qxd2 28. Rxd2 Rb1+ 29. Kf2 Bxh2 0-1

[Event "Andorra open 2005"]
[Site "Andorra AND"]
[Date "2005.07.09"]
[Round "1.10"]
[White "Perez Candelario, Manuel"]
[Black "Pampliega Canturri, Antonio"]
[Result "1-0"]
[WhiteElo "2504"]
[BlackElo "2079"]
[PlyCount "55"]
[EventDate "2005.07.17"]
[EventType "swiss"]
[EventRounds "9"]
[EventCountry "AND"]
[Source "lmi"]
[SourceDate "2005.07.17"]

1. e4 c5 2. Nc3 d6 3. Nf3 Nc6 4. d4 cxd4 5. Nxd4 Nf6 6. Bg5 e6 7. Qd2 Be7 8.
O-O-O a6 9. f3 h6 10. Be3 Bd7 11. g4 Qa5 12. Kb1 O-O-O 13. Qf2 Rdf8 14. Nb3 Qd8
15. Bb6 Qe8 16. Na5 Kb8 17. Nc4 d5 18. exd5 exd5 19. Nxd5 Nxd5 20. Rxd5 f5 21.
gxf5 Bxf5 22. Bd3 Be6 23. Qg3+ Ka8 24. Bf2 b5 25. Qc7 bxc4 26. Be4 Bxd5 27.
Bxd5 Rf6 28. Qa7# 1-0

[Event "Andorra open 2005"]
[Site "Andorra AND"]
[Date "2005.07.10"]
[Round "2.1"]
[White "Womacka, Mathias"]
[Black "Damljanovic, Branko"]
[Result "0-1"]
[WhiteElo "2405"]
[BlackElo "2612"]
[PlyCount "90"]
[EventDate "2005.07.17"]
[EventType "swiss"]
[EventRounds "9"]
[EventCountry "AND"]
[Source "lmi"]
[SourceDate "2005.07.17"]

1. e4 c5 2. Nf3 Nc6 3. d4 cxd4 4. Nxd4 Nf6 5. Nc3 d6 6. Be2 e6 7. Be3 Be7 8.
O-O O-O 9. f4 Bd7 10. Nb3 a5 11. a4 Nb4 12. Bf3 e5 13. Kh1 Qc8 14. Rf2 Ra6 15.
h3 Re8 16. Rd2 Bf8 17. fxe5 dxe5 18. Nb5 Bc6 19. c3 Nxe4 20. cxb4 Nxd2 21. Nxd2
axb4 22. Qf1 Qd7 23. Bg4 Qd8 24. b3 g6 25. Rd1 Qe7 26. Nc4 f5 27. Be2 f4 28.
Bc1 Bg7 29. Ncd6 Rf8 30. Bb2 e4 31. Bc4+ Kh8 32. Bxg7+ Qxg7 33. Nd4 Raa8 34.
Ne6 Qh6 35. Nxf8 Rxf8 36. Bb5 f3 37. Bxc6 bxc6 38. gxf3 Rxf3 39. Qg2 Qh4 40.
Nxe4 Qxe4 41. Qb2+ Kg8 42. Qd4 Rxh3+ 43. Kg1 Qh1+ 44. Kf2 Rf3+ 45. Ke2 Qg2+ 0-1

[Event "Andorra open 2005"]
[Site "Andorra AND"]
[Date "2005.07.10"]
[Round "2.3"]
[White "Berkovich, Mark A"]
[Black "Postny, Evgeny"]
[Result "0-1"]
[WhiteElo "2400"]
[BlackElo "2559"]
[PlyCount "92"]
[EventDate "2005.07.17"]
[EventType "swiss"]
[EventRounds "9"]
[EventCountry "AND"]
[Source "lmi"]
[SourceDate "2005.07.17"]

1. Nf3 c5 2. g3 g6 3. Bg2 Bg7 4. c4 Nc6 5. Nc3 b6 6. O-O Bb7 7. e3 Bxc3 8. bxc3
d6 9. e4 Qc7 10. d3 Nf6 11. Bg5 Nd7 12. Ne1 O-O-O 13. a4 h6 14. Bd2 f5 15. Nc2
fxe4 16. Ne3 e6 17. a5 Nxa5 18. dxe4 g5 19. Qe2 Rhg8 20. Rfb1 Ne5 21. Ng4 Nexc4
22. Nxh6 Rg6 23. Ng4 d5 24. Be1 Rg7 25. Ne3 Nxe3 26. Qxe3 Nc4 27. Qe2 Kb8 28.
Qa2 Bc6 29. Rd1 Rgd7 30. Qe2 Ka8 31. Bd2 Nxd2 32. Rxd2 d4 33. cxd4 Rxd4 34.
Rda2 a5 35. Qa6+ Kb8 36. h3 Bb7 37. Qe2 c4 38. Qe3 Qc5 39. Kh2 c3 40. Rb1 Rc4
41. Qe2 c2 42. Rc1 Rc8 43. f3 Rc3 44. Qd2 Ka7 45. Bf1 Ba6 46. Bxa6 Kxa6 0-1

[Event "Andorra open 2005"]
[Site "Andorra AND"]
[Date "2005.07.10"]
[Round "2.4"]
[White "Peralta, Fernando"]
[Black "Sakelsek, Tadej"]
[Result "1-0"]
[WhiteElo "2553"]
[BlackElo "2395"]
[PlyCount "85"]
[EventDate "2005.07.17"]
[EventType "swiss"]
[EventRounds "9"]
[EventCountry "AND"]
[Source "lmi"]
[SourceDate "2005.07.17"]

1. d4 Nf6 2. c4 e6 3. Nc3 Bb4 4. e3 O-O 5. Bd3 d5 6. Nf3 c5 7. O-O cxd4 8. exd4
dxc4 9. Bxc4 a6 10. a3 Bxc3 11. bxc3 b5 12. Bd3 Nc6 13. Bg5 Ne7 14. a4 Bd7 15.
Ne5 Rc8 16. axb5 axb5 17. Ra7 Rc7 18. Bxf6 gxf6 19. Qh5 Ng6 20. Rxc7 Qxc7 21.
Nxd7 Qxd7 22. Qxb5 Qc7 23. Qb2 Rc8 24. Rc1 f5 25. Bf1 Qd6 26. c4 e5 27. dxe5
Nxe5 28. Qc2 Ng4 29. g3 Rc5 30. Rd1 Qf6 31. Qd2 Ne5 32. Qe3 Rc8 33. Rd5 Ng6 34.
Qd4 Qxd4 35. Rxd4 Kg7 36. f4 Kf6 37. Rd6+ Kg7 38. Bd3 Rc5 39. Kf2 Nf8 40. Ke3
Ra5 41. Rd5 Rxd5 42. cxd5 Kf6 43. Kd4 1-0

[Event "Andorra open 2005"]
[Site "Andorra AND"]
[Date "2005.07.10"]
[Round "2.7"]
[White "Arizmendi Martinez, Julen"]
[Black "Fernandez Gil, Marco Antonio"]
[Result "1-0"]
[WhiteElo "2504"]
[BlackElo "2308"]
[PlyCount "99"]
[EventDate "2005.07.17"]
[EventType "swiss"]
[EventRounds "9"]
[EventCountry "AND"]
[Source "lmi"]
[SourceDate "2005.07.17"]

1. e4 c5 2. Nf3 Nc6 3. d4 cxd4 4. Nxd4 e5 5. Nb5 a6 6. Nd6+ Bxd6 7. Qxd6 Qf6 8.
Qxf6 Nxf6 9. Nc3 d5 10. exd5 Nb4 11. Bd3 Nxd3+ 12. cxd3 Bf5 13. O-O O-O-O 14.
Bg5 Bxd3 15. Rfd1 Bf5 16. Rac1 Kb8 17. d6 Rd7 18. f4 exf4 19. Na4 Ne4 20. Be7
Ka7 21. Nc5 Nxc5 22. Rxc5 Be6 23. a3 h6 24. h4 Rb8 25. Kf2 b5 26. Rdc1 Rbb7 27.
Kf3 b4 28. a4 b3 29. Kxf4 Rb4+ 30. Ke3 Rdb7 31. a5 R4b5 32. Bd8 Rxc5 33. Rxc5
Rd7 34. Bc7 Kb7 35. Kd4 g6 36. Ke5 h5 37. Rc3 Kc8 38. Rc6 Kb7 39. Rb6+ Ka7 40.
Rb8 Bc4 41. Kf6 Bb5 42. g3 Bc6 43. Rb4 Bd5 44. g4 hxg4 45. Rxg4 Rxc7 46. dxc7
Kb7 47. Rd4 Be6 48. Rd6 Bf5 49. Kxf7 Kxc7 50. Rxg6 1-0

[Event "Andorra open 2005"]
[Site "Andorra AND"]
[Date "2005.07.10"]
[Round "2.8"]
[White "Gallego Eraso, Patxi"]
[Black "Perez Candelario, Manuel"]
[Result "0-1"]
[WhiteElo "2389"]
[BlackElo "2504"]
[PlyCount "92"]
[EventDate "2005.07.17"]
[EventType "swiss"]
[EventRounds "9"]
[EventCountry "AND"]
[Source "lmi"]
[SourceDate "2005.07.17"]

1. e4 e5 2. Nf3 Nc6 3. Bb5 a6 4. Ba4 Nf6 5. Qe2 Be7 6. c3 b5 7. Bb3 O-O 8. O-O
d6 9. Rd1 Bg4 10. h3 Bh5 11. d3 Re8 12. Nbd2 Na5 13. Bc2 c5 14. Nf1 Qc7 15. Ng3
Bg6 16. Nh4 d5 17. Ngf5 Bd8 18. Bd2 Rc8 19. Qf3 Qd7 20. Rac1 d4 21. cxd4 cxd4
22. Bxa5 Bxa5 23. Bb3 Rc6 24. Rxc6 Qxc6 25. Nxg6 hxg6 26. Nh4 Kf8 27. g4 Re7
28. Qg3 Bc7 29. Nf3 a5 30. Qh4 Kg8 31. a3 a4 32. Ba2 Qc2 33. Rd2 Qc1+ 34. Kg2
Ba5 35. Re2 Qd1 36. Ng1 Qxd3 37. Qg5 Qd1 38. Qxg6 Qa1 39. Bxf7+ Rxf7 40. Rc2
Qe1 41. f3 d3 42. Rc8+ Rf8 43. Qf5 Rxc8 44. Qxc8+ Kh7 45. Qf5+ Kh8 46. g5 Bb6
0-1

[Event "Andorra open 2005"]
[Site "Andorra AND"]
[Date "2005.07.10"]
[Round "2.9"]
[White "Bruned, Yvain"]
[Black "Maze, Sebastien"]
[Result "0-1"]
[WhiteElo "2328"]
[BlackElo "2494"]
[PlyCount "49"]
[EventDate "2005.07.17"]
[EventType "swiss"]
[EventRounds "9"]
[EventCountry "AND"]
[Source "lmi"]
[SourceDate "2005.07.17"]

1. e4 c5 2. Nf3 a6 3. c4 e6 4. Nc3 Nc6 5. g3 Nge7 6. Bg2 Nd4 7. O-O Nec6 8. d3
g6 9. Nxd4 Nxd4 10. Be3 Bg7 11. Ne2 O-O 12. Nxd4 cxd4 13. Bd2 d6 14. f4 Bd7 15.
b4 b5 16. Rc1 Rc8 17. c5 dxc5 18. bxc5 Bc6 19. Qb3 Qe7 20. Rf2 Kh8 21. e5 Bxg2
22. Rxg2 Rc6 23. Re2 Rfc8 24. Bb4 Bf8 25. Rec2 0-1

[Event "Andorra open 2005"]
[Site "Andorra AND"]
[Date "2005.07.10"]
[Round "2.10"]
[White "Hauchard, Arnaud"]
[Black "Garcia Paolicchi, Raul"]
[Result "1-0"]
[WhiteElo "2490"]
[BlackElo "2258"]
[PlyCount "95"]
[EventDate "2005.07.17"]
[EventType "swiss"]
[EventRounds "9"]
[EventCountry "AND"]
[Source "lmi"]
[SourceDate "2005.07.17"]

1. c4 c5 2. Nf3 Nf6 3. d4 cxd4 4. Nxd4 b6 5. Nc3 Bb7 6. f3 e6 7. e4 d6 8. Be2
Be7 9. O-O a6 10. Be3 O-O 11. Qd2 Nbd7 12. a4 Qc7 13. a5 bxa5 14. Nb3 Rfb8 15.
Nxa5 Bc8 16. Rfc1 Ne5 17. b4 Nc6 18. Nd5 exd5 19. cxd5 Bd7 20. Nxc6 Bxc6 21.
Rxc6 Qd8 22. Raxa6 Rxa6 23. Bxa6 Nd7 24. Qc1 Ne5 25. Rc8 Rxc8 26. Qxc8 Qxc8 27.
Bxc8 Nc4 28. Bd4 Bd8 29. Bc3 Nb6 30. Ba6 Kf8 31. Kf2 f6 32. Ke2 Ke7 33. Kd3 Bc7
34. Bb5 Kd8 35. Bd4 Ke7 36. f4 Kf7 37. g3 Ke7 38. Kc3 Bd8 39. Bf1 Bc7 40. Bh3
Bd8 41. Bf5 h6 42. Kd3 Bc7 43. Be6 g6 44. h4 h5 45. f5 gxf5 46. Bxf5 Kf7 47.
Be3 Bd8 48. g4 1-0

[Event "Andorra open 2005"]
[Site "Andorra AND"]
[Date "2005.07.11"]
[Round "3.3"]
[White "Postny, Evgeny"]
[Black "Fluvia Poyatos, Joan"]
[Result "1/2-1/2"]
[WhiteElo "2559"]
[BlackElo "2458"]
[PlyCount "75"]
[EventDate "2005.07.17"]
[EventType "swiss"]
[EventRounds "9"]
[EventCountry "AND"]
[Source "lmi"]
[SourceDate "2005.07.17"]

1. e4 c5 2. Nf3 Nc6 3. d4 cxd4 4. Nxd4 Nf6 5. Nc3 e5 6. Ndb5 d6 7. Bg5 a6 8.
Na3 b5 9. Bxf6 gxf6 10. Nd5 f5 11. Bd3 Be6 12. O-O Bxd5 13. exd5 Ne7 14. Nxb5
Bg7 15. Nc3 e4 16. Bc4 Bxc3 17. bxc3 Ng6 18. Qh5 Qf6 19. Qh6 Qxc3 20. Bb3 Ke7
21. f3 exf3 22. Rae1+ Kf6 23. Re3 Qd4 24. c3 Qh4 25. Qxh4+ Nxh4 26. g3 Rhg8 27.
Bd1 f4 28. Re4 Ng6 29. Rxf3 Rge8 30. Rxe8 Rxe8 31. Kf2 Rb8 32. Bb3 Ke5 33.
gxf4+ Nxf4 34. Ke3 Nxd5+ 35. Bxd5 Kxd5 36. Rxf7 Rb2 37. Rxh7 Rxa2 38. Kd3
1/2-1/2

[Event "Andorra open 2005"]
[Site "Andorra AND"]
[Date "2005.07.11"]
[Round "3.4"]
[White "Pogorelov, Ruslan"]
[Black "Peralta, Fernando"]
[Result "0-1"]
[WhiteElo "2442"]
[BlackElo "2553"]
[PlyCount "114"]
[EventDate "2005.07.17"]
[EventType "swiss"]
[EventRounds "9"]
[EventCountry "AND"]
[Source "lmi"]
[SourceDate "2005.07.17"]

1. d4 d5 2. c4 c6 3. Nc3 dxc4 4. e4 b5 5. a4 b4 6. Na2 Nf6 7. e5 Nd5 8. Bxc4 e6
9. Nf3 Be7 10. Bd2 Ba6 11. Qe2 Bxc4 12. Qxc4 Nb6 13. Qc2 a5 14. Nc1 Qd5 15. Nb3
N8d7 16. O-O c5 17. dxc5 Nxc5 18. Nxc5 Qxc5 19. Qe4 O-O 20. Be3 Qc4 21. Nd4
Rfc8 22. Qb7 Bc5 23. Nc6 Qa6 24. Qxa6 Rxa6 25. Bxc5 Rxc6 26. Bxb6 Raxb6 27.
Rfc1 b3 28. Kf1 Rc2 29. Rxc2 bxc2 30. Ke2 Rxb2 31. Rc1 g5 32. Kd2 Ra2 33. Rxc2
Rxa4 34. Rc5 Rf4 35. Ke3 a4 36. Ra5 Rb4 37. Kf3 h5 38. Kg3 Kg7 39. f3 Kg6 40.
Ra7 Rc4 41. h3 h4+ 42. Kh2 Rb4 43. Kg1 Rb1+ 44. Kf2 Rb2+ 45. Kg1 Ra2 46. Rb7 a3
47. Ra7 Kf5 48. Rxf7+ Kxe5 49. Ra7 Kd4 50. Ra5 e5 51. Kh2 Ra1 52. Rb5 Rc1 53.
Ra5 Rc3 54. Ra4+ Kd3 55. Ra5 Kc2 56. Rxe5 a2 57. Ra5 Kb2 0-1

[Event "Andorra open 2005"]
[Site "Andorra AND"]
[Date "2005.07.11"]
[Round "3.7"]
[White "Maze, Sebastien"]
[Black "Lacasa Diaz, Jose Antonio"]
[Result "1-0"]
[WhiteElo "2494"]
[BlackElo "2420"]
[PlyCount "81"]
[EventDate "2005.07.17"]
[EventType "swiss"]
[EventRounds "9"]
[EventCountry "AND"]
[Source "lmi"]
[SourceDate "2005.07.17"]

1. e4 c5 2. Nf3 e6 3. c4 Nc6 4. Nc3 Nf6 5. Be2 e5 6. d3 d6 7. a3 a5 8. O-O g6
9. Be3 Bg7 10. Qc1 h6 11. Bd2 Bd7 12. h3 Nd4 13. Bd1 Rc8 14. Nh2 g5 15. Qb1 b5
16. cxb5 Nxb5 17. Nxb5 Bxb5 18. b4 axb4 19. axb4 Rb8 20. Ra5 Bd7 21. Qa2 cxb4
22. Bb3 O-O 23. Ra7 d5 24. Nf3 Re8 25. Rc1 Ra8 26. exd5 Rxa7 27. Qxa7 Bf8 28.
Be3 Bd6 29. Nd2 e4 30. Qa6 Qb8 31. Nxe4 Nxe4 32. dxe4 Rxe4 33. Ba4 Rxe3 34.
fxe3 Qe8 35. Qxd6 Qxe3+ 36. Kh2 Qxc1 37. Bxd7 b3 38. Qb8+ Kg7 39. Qe5+ Kf8 40.
d6 b2 41. Qh8# 1-0

[Event "Andorra open 2005"]
[Site "Andorra AND"]
[Date "2005.07.11"]
[Round "3.8"]
[White "Fernandez Aguado, Enrique"]
[Black "Hauchard, Arnaud"]
[Result "1-0"]
[WhiteElo "2356"]
[BlackElo "2490"]
[PlyCount "111"]
[EventDate "2005.07.17"]
[EventType "swiss"]
[EventRounds "9"]
[EventCountry "AND"]
[Source "lmi"]
[SourceDate "2005.07.17"]

1. c4 e5 2. Nc3 Bb4 3. Nf3 Bxc3 4. bxc3 Nc6 5. Qc2 d6 6. g3 Be6 7. d3 h6 8. Rb1
Rb8 9. Bg2 Nge7 10. O-O Qd7 11. d4 Bxc4 12. dxe5 dxe5 13. Rd1 Qe6 14. Ba3 Bxa2
15. Rb2 Bc4 16. Nd2 Bxe2 17. Re1 Ba6 18. Nb3 Bc4 19. Nd4 Qd7 20. Nxc6 Nxc6 21.
Qa4 b5 22. Qxc4 bxc4 23. Bxc6 Qxc6 24. Rxb8+ Kd7 25. Rxh8 Qf3 26. Rf8 Qxc3 27.
Rd1+ Kc6 28. Bc1 Qf3 29. Rfd8 h5 30. Re1 f6 31. Re3 Qf5 32. Rc3 Qe4 33. Be3 h4
34. gxh4 f5 35. f4 Qb1+ 36. Kf2 Qb4 37. Bd2 Qe7 38. Rxc4+ Kb7 39. Rb4+ Kc6 40.
Rc4+ Kb5 41. Rb4+ Kc5 42. Rh8 Qd6 43. Rb2 Kc4 44. Rhb8 c5 45. Be3 Qe7 46. Rc2+
Kd3 47. Rd2+ Ke4 48. Rh8 exf4 49. Re2 Kd3 50. Rd2+ Ke4 51. Bd4 f3 52. Rd1 Qf7
53. Bb2 Qb3 54. Re8+ Kf4 55. Be5+ Kg4 56. Rg1+ 1-0

[Event "Andorra open 2005"]
[Site "Andorra AND"]
[Date "2005.07.11"]
[Round "3.10"]
[White "Bruned, Jose"]
[Black "Gurevich, Mikhail"]
[Result "0-1"]
[WhiteElo "2060"]
[BlackElo "2669"]
[PlyCount "48"]
[EventDate "2005.07.17"]
[EventType "swiss"]
[EventRounds "9"]
[EventCountry "AND"]
[Source "lmi"]
[SourceDate "2005.07.17"]

1. e4 d6 2. d4 Nf6 3. Nc3 g6 4. Nf3 Bg7 5. h3 a6 6. a4 O-O 7. Be3 b6 8. Nh2 Bb7
9. f3 c5 10. Ng4 Nh5 11. Nh6+ Kh8 12. Ne2 cxd4 13. Nxd4 Ng3 14. Bc4 d5 15.
Nxf7+ Rxf7 16. Ne6 Qd6 17. Nxg7 dxc4 18. Ne8 Qxd1+ 19. Rxd1 Nc6 20. Nc7 Rc8 21.
Rg1 Rxc7 22. Bxb6 Rc8 23. Rd7 Ba8 24. Bc7 Nh5 0-1

[Event "Andorra open 2005"]
[Site "Andorra AND"]
[Date "2005.07.12"]
[Round "4.1"]
[White "Maze, Sebastien"]
[Black "Damljanovic, Branko"]
[Result "1/2-1/2"]
[WhiteElo "2494"]
[BlackElo "2612"]
[PlyCount "27"]
[EventDate "2005.07.17"]
[EventType "swiss"]
[EventRounds "9"]
[EventCountry "AND"]
[Source "lmi"]
[SourceDate "2005.07.17"]

1. e4 c5 2. Nf3 e6 3. c4 Nc6 4. Nc3 Nf6 5. Be2 b6 6. O-O Bb7 7. d4 cxd4 8. Nxd4
Qb8 9. Be3 Bb4 10. Ndb5 a6 11. a3 Be7 12. Nd4 O-O 13. Kh1 d6 14. b4 1/2-1/2

[Event "Andorra open 2005"]
[Site "Andorra AND"]
[Date "2005.07.12"]
[Round "4.2"]
[White "Peralta, Fernando"]
[Black "Campos Moreno, Javier"]
[Result "1-0"]
[WhiteElo "2553"]
[BlackElo "2443"]
[PlyCount "85"]
[EventDate "2005.07.17"]
[EventType "swiss"]
[EventRounds "9"]
[EventCountry "AND"]
[Source "lmi"]
[SourceDate "2005.07.17"]

1. d4 Nf6 2. c4 e6 3. Nc3 Bb4 4. e3 O-O 5. Bd3 d5 6. Nf3 c5 7. O-O Nc6 8. a3
Bxc3 9. bxc3 Qc7 10. cxd5 exd5 11. a4 Re8 12. Ba3 c4 13. Bc2 Qa5 14. Qc1 Ne4
15. Bxe4 Rxe4 16. Nd2 Re8 17. e4 Be6 18. e5 Bf5 19. f4 Qxa4 20. Rf2 Nd8 21. Nf1
Qd7 22. Ne3 a5 23. g4 Be4 24. f5 Ra6 25. Qd2 b5 26. Rf4 Rh6 27. Raf1 Rh3 28. e6
fxe6 29. f6 Bg6 30. fxg7 Kxg7 31. Kg2 Rh6 32. h4 b4 33. g5 Rh5 34. cxb4 h6 35.
gxh6+ Kh8 36. Rf8+ Rxf8 37. Rxf8+ Kh7 38. Ng4 Be4+ 39. Kg1 Qd6 40. Nf6+ Kg6 41.
Nxh5 Qxf8 42. Qg5+ Kh7 43. bxa5 1-0

[Event "Andorra open 2005"]
[Site "Andorra AND"]
[Date "2005.07.12"]
[Round "4.6"]
[White "Gonzalez Arribas, Vidal Alejandro"]
[Black "Kallio, Heikki"]
[Result "1/2-1/2"]
[WhiteElo "2252"]
[BlackElo "2507"]
[PlyCount "88"]
[EventDate "2005.07.17"]
[EventType "swiss"]
[EventRounds "9"]
[EventCountry "AND"]
[Source "lmi"]
[SourceDate "2005.07.17"]

1. c4 Nf6 2. Nc3 e5 3. Nf3 Nc6 4. g3 Bb4 5. Bg2 O-O 6. O-O Re8 7. d3 h6 8. Nd5
Bd6 9. b3 Nxd5 10. cxd5 Nd4 11. Nxd4 exd4 12. Bb2 Bc5 13. Qc2 d6 14. a3 Bg4 15.
Rfe1 a5 16. h3 Bd7 17. Qd2 Qg5 18. Qxg5 hxg5 19. Bc1 f6 20. e4 Kf7 21. f4 gxf4
22. Bxf4 c6 23. Bd2 cxd5 24. exd5 Rxe1+ 25. Rxe1 Bf5 26. Bf1 Bxa3 27. Ra1 Bb2
28. Rxa5 Rd8 29. Rb5 Rd7 30. h4 Bc3 31. Bf4 Be1 32. Kh2 g5 33. hxg5 fxg5 34.
Bxg5 Rc7 35. Bf4 Bg4 36. Bg2 Rc2 37. Rxb7+ Kf6 38. Kh1 Bd2 39. Rb8 Be3 40. Be4
Rc1+ 41. Kh2 Rc2+ 42. Kh1 Rc1+ 43. Kh2 Rc2+ 44. Kh1 Rc1+ 1/2-1/2

[Event "Andorra open 2005"]
[Site "Andorra AND"]
[Date "2005.07.12"]
[Round "4.7"]
[White "Arizmendi Martinez, Julen"]
[Black "Ermenkov, Evgenij"]
[Result "1-0"]
[WhiteElo "2504"]
[BlackElo "2478"]
[PlyCount "101"]
[EventDate "2005.07.17"]
[EventType "swiss"]
[EventRounds "9"]
[EventCountry "AND"]
[Source "lmi"]
[SourceDate "2005.07.17"]

1. e4 c5 2. Nf3 d6 3. d4 cxd4 4. Nxd4 Nf6 5. Nc3 Nc6 6. Bg5 e6 7. Qd2 Be7 8.
O-O-O Nxd4 9. Qxd4 O-O 10. f3 a6 11. h4 b5 12. Kb1 Qa5 13. Qd2 b4 14. Ne2 e5
15. c4 Be6 16. Ng3 Rfd8 17. Bd3 Qc7 18. Nf1 a5 19. g4 Kf8 20. Ne3 Nd7 21. Nd5
Bxd5 22. exd5 Re8 23. Bxh7 Qxc4 24. Be3 Rec8 25. Bf5 Ke8 26. h5 a4 27. h6 gxh6
28. Rxh6 a3 29. Rh8+ Bf8 30. b3 Qc3 31. Rc1 Qxc1+ 32. Qxc1 Rxc1+ 33. Bxc1 Nf6
34. Bh6 Ke7 35. Bg5 Ra5 36. Rh7 Rxd5 37. Bg6 Kd8 38. Bxf6+ Be7 39. Be4 Rd2 40.
Rh8+ Kc7 41. Bxe7 d5 42. Bf5 Rb2+ 43. Ka1 Rf2 44. Rh1 Rxf3 45. Bxb4 e4 46. Bxa3
e3 47. Rc1+ Kb7 48. Bc5 e2 49. Re1 Rf1 50. Bb4 Kc6 51. Bd3 1-0